| 000 | 01073nam a22002655a 4500 | ||
|---|---|---|---|
| 003 | OSt | ||
| 005 | 20170301130717.0 | ||
| 008 | 170226s2016 ua frb 000 0 ara d | ||
| 015 | _a2008 / 23251 | ||
| 020 | _a9789770458446 | ||
| 040 |
_aEG-ScBUE _bara _cEG-ScBUE |
||
| 043 | _af-ua--- | ||
| 082 | 0 | 4 |
_a346.62096 _bق ل ي _222 |
| 100 | 1 | _aقليوبي، سميحة. | |
| 245 | 1 | 2 |
_aالأوراق التجارية : _bالكمبيالة - السند لأمر - الشيك - الشيك السياحي - الشيك المسطر - الشيك المعتمد - وسائل الدفع الحديثة / _cسميحة القليوبي. |
| 250 | _aط. 6. | ||
| 260 |
_aالقاهرة : _bدار النهضة العربية، _c2016. |
||
| 300 |
_a615 ص. ؛ _c24 سم. |
||
| 504 | _aيشتمل على إرجاعات ببليوجرافية. | ||
| 650 | 7 |
_2BUEsh _aالأوراق التجارية _xقوانين وتشريعات _zمصر. |
|
| 650 | 7 |
_2BUEsh _aالقانون التجاري _941150 _zمصر. |
|
| 651 | _2BUEsh | ||
| 653 |
_bLLAAWW _cFebruary2017 |
||
| 942 | _2ddc | ||
| 999 |
_c24294 _d24266 |
||